| 000 | 00611nam a2200229Ia 4500 | ||
|---|---|---|---|
| 003 | OSt | ||
| 005 | 20221007070531.0 | ||
| 006 | a|||||r|||| 00| 0 | ||
| 007 | ta | ||
| 008 | 221006b |||||||| |||| 00| 0 eng d | ||
| 024 | _a41,694 | ||
| 037 | _cTextual | ||
| 040 |
_aFLL _cFLL _beng |
||
| 041 |
_2eng _aeng |
||
| 082 | _aZ2,3, Q5 | ||
| 100 |
_aGupta Ritu _9524504 |
||
| 245 | 0 |
_aLaw of contract _bincludes the specific act,1963 |
|
| 260 |
_aGurgaon _bLexisNexis India _c2015 |
||
| 300 |
_axxxvii,351p _ccm. |
||
| 942 |
_hZ2,3, Q5 _cTEXL _2CC |
||
| 999 |
_c1140785 _d1140785 |
||